Theory of alternating-current machinery / Alexander S. Langsdorf (Registro nro. 22331)
[ vista simple ]
| 000 -LÍDER | |
|---|---|
| fixed length control field | 00440nam a2200145 4500 |
| 008 - ELEMENTOS DE LONGITUD FIJA -- INFORMACIÓN GENERAL | |
| fixed length control field | 0 1955 0a 000 0USA |
| 020 ## - NÚMERO INTERNACIONAL NORMALIZADO PARA LIBROS | |
| ISBN | s/n |
| 082 ## - NUMERO DE CLASIFICACION DECIMAL DEWEY | |
| Número de Clasificación | 621.313.3 L127t |
| 100 ## - ASIENTO PRINCIPAL--NOMBRE PERSONAL | |
| Nombre personal | Langsdorf, Alexander S. |
| 245 ## - TÍTULO | |
| Título | Theory of alternating-current machinery / Alexander S. Langsdorf |
| 250 ## - MENCIÓN DE EDICIÓN | |
| Mención de edición | 2 |
| 260 ## - PUBLICACIÓN, DISTRIBUCIÓN, ETC. (PIE DE IMPRENTA) | |
| Lugar de publicación, distribución, etc. | New York : Mcgraw- Hill |
| 300 ## - DESCRIPCIÓN FÍSICA | |
| Extensión | 666 p. / 21 cm. |
| 650 ## - ASIENTO SECUNDARIO DE MATERIA - TERMINO TEMÁTICO | |
| Término temático o nombre geográfico como elemento de entrada | 1. MAQUINARIA ELECTRICA \ 2. CORRIENTE ALTERNA |
| No. biblioteca | No. biblioteca | Número de clasificación | Código de barras/Número de adquisición | Número de copia | Tipo de material |
|---|---|---|---|---|---|
| LUIS G. INCLAN | LUIS G. INCLAN | 621.313.3 L127t | 5543 | 2 | Libros |
| LUIS G. INCLAN | LUIS G. INCLAN | 621.313.3 L127t | 5542 | 1 | Libros |
